La frustación de la comparecencia por intervención de un tercero (Record no. 62709)
[ view plain ]
| 000 -LEADER | |
|---|---|
| campo de control de longitud fija | 00586nam a2200157 i 4500 |
| 001 - NÚMERO DE CONTROL | |
| campo de control | 62709 |
| 003 - IDENTIFICADOR DE NÚMERO DE CONTROL | |
| campo de control | ES-MaACL |
| 005 - FECHA Y HORA DE LA ÚLTIMA TRANSACCIÓN | |
| campo de control | 20230906164721.0 |
| 007 - CAMPO FIJO DE DESCRIPCIÓN FÍSICA--INFORMACIÓN GENERAL | |
| campo de control de longitud fija | t| |
| 008 - DATOS DE LONGITUD FIJA--INFORMACIÓN GENERAL | |
| campo de control de longitud fija | 031125s1972 sp ||||1| spa d |
| 100 1# - ENTRADA PRINCIPAL--NOMBRE DE PERSONA | |
| Nombre de persona | Fernández-Barreiro, Alejandrino. |
| 9 (RLIN) | 49503 |
| 245 13 - MENCIÓN DEL TÍTULO | |
| Título | La frustación de la comparecencia por intervención de un tercero |
| Resto del título | : su sanción edictal en el proceso privado romano / |
| Mención de responsabilidad, etc. | Alejandrino Fernández Barreiro. |
| 260 ## - PUBLICACIÓN, DISTRIBUCIÓN, ETC. | |
| Lugar de publicación, distribución, etc. | Santiago de Compostela : |
| Nombre del editor, distribuidor, etc. | Universidad de Santiago de Compostela, |
| Fecha de publicación, distribución, etc. | 1972. |
| 300 ## - DESCRIPCIÓN FÍSICA | |
| Extensión | 82 p. ; |
| Dimensiones | 24 cm. |
| 852 ## - LOCALIZACIÓN | |
| Ubicación | ES-MaACL |
| Número de control de estantería | C-43313 |
| Sublocalización o colección | R.81520 |
| Estatus retirado | Estado de pérdida | Estado de daño | No para préstamo | Biblioteca de origen | Biblioteca actual | Ubicación en estantería | Fecha de adquisición | Fuente de adquisición | Total de préstamos | Signatura topográfica completa | Código de barras | Visto por última vez | Precio de reemplazo | Tipo de ítem Koha |
|---|---|---|---|---|---|---|---|---|---|---|---|---|---|---|
| Biblioteca del Ateneo de Madrid | Biblioteca del Ateneo de Madrid | Depósito 2 | 17/01/2008 | C-43313 | 1065740 | 23/02/2023 | 23/02/2023 | Libro impreso |
